Public Administration/ (Record no. 200640)
[ view plain ]
| 000 -LEADER | |
|---|---|
| fixed length control field | 00663nam a22002057a 4500 |
| 005 - DATE AND TIME OF LATEST TRANSACTION | |
| control field | 20240328124729.0 |
| 010 ## - LCCN (DPL NO) | |
| LC control number | ENG-139197 |
| 020 ## - INTERNATIONAL STANDARD BOOK NUMBER | |
| Terms of availability | 480.00 |
| International Standard Book Number | 9789383918135 |
| 035 ## - SYSTEM CONTROL NUMBER | |
| System control number | EN-122729 |
| 037 ## - SOURCE OF ACQUISITION | |
| Source of stock number/acquisition | DBAD/PUB |
| 082 ## - DEWEY DECIMAL CLASSIFICATION NUMBER | |
| Classification number | 350 |
| Edition number | second edition |
| 100 ## - MAIN ENTRY--PERSONAL NAME | |
| Personal name | Aribam, Radhabinod |
| 245 ## - TITLE STATEMENT | |
| Title | Public Administration/ |
| Statement of responsibility, etc | By Radhabinod Aribam and Shyam Salona |
| 260 ## - PUBLICATION, DISTRIBUTION, ETC. (IMPRINT) | |
| Place of publication, distribution, etc | Delhi |
| Name of publisher, distributor, etc | KBC Nano Publication Pvt.Ltd |
| 270 ## - ADDRESS | |
| City | Delhi |
| Address | A-3/2, Christian Colony |
| Postal code | 110060 |
| 300 ## - PHYSICAL DESCRIPTION | |
| Extent | 432p. |
| Dimensions | 24cm(pb) |
| 500 ## - GENERAL NOTE | |
| General note | Useful for IAS/PCS, University Exams< UGC-NET and Others |
| 700 ## - ADDED ENTRY--PERSONAL NAME | |
| Personal name | Salona,Shyam |
| 9 (RLIN) | 61679 |
| 942 ## - ADDED ENTRY ELEMENTS (KOHA) | |
| Source of classification or shelving scheme | Dewey Decimal Classification |
| Item type | English Books |
| Call number suffix | ARI |
| Classification part | 350 |
| Withdrawn status | Lost status | Not for loan | Collection code | Home library | Current library | Date acquired | Source of acquisition | Cost, normal purchase price | Full call number | Barcode | Copy number | Cost, replacement price | Koha item type |
|---|---|---|---|---|---|---|---|---|---|---|---|---|---|
| Non-fiction | Bawana | Bawana | 12/02/2024 | Delivery of Books Act Division | 480.00 | ARI 350 | EN-122729 | 1 | 480.00 | English Books |
